Computationally Efficient Reduced Order Model for Complex Flows/ (Record no. 576871)
[ view plain ]
| 000 -LEADER | |
|---|---|
| fixed length control field | 00505nam a22001457a 4500 |
| 082 ## - DEWEY DECIMAL CLASSIFICATION NUMBER | |
| Classification number | 200 |
| 100 ## - MAIN ENTRY--PERSONAL NAME | |
| Personal name | Imtiaz Haroon |
| 9 (RLIN) | 124597 |
| 245 ## - TITLE STATEMENT | |
| Title | Computationally Efficient Reduced Order Model for Complex Flows/ |
| Statement of responsibility, etc. | Haroon Imtiaz |
| 260 ## - PUBLICATION, DISTRIBUTION, ETC. | |
| Place of publication, distribution, etc. | Rawalpindi; |
| Name of publisher, distributor, etc. | NUST College of EME; |
| Date of publication, distribution, etc. | 2018. |
| 300 ## - PHYSICAL DESCRIPTION | |
| Extent | 145,p; |
| Other physical details | ill; |
| Dimensions | 30,cm. |
| 650 ## - SUBJECT ADDED ENTRY--TOPICAL TERM | |
| Topical term or geographic name entry element | PhD- Mechanical Engineering |
| 9 (RLIN) | 84150 |
| 700 ## - ADDED ENTRY--PERSONAL NAME | |
| Personal name | Supervisor Dr Imran Akhtar |
| 9 (RLIN) | 69939 |
| 856 ## - ELECTRONIC LOCATION AND ACCESS | |
| Uniform Resource Identifier | <a href="http://10.250.8.41:8080/xmlui/handle/123456789/34774">http://10.250.8.41:8080/xmlui/handle/123456789/34774</a> |
| 942 ## - ADDED ENTRY ELEMENTS (KOHA) | |
| Koha item type | Soft Copy |
| Source of classification or shelving scheme | |
| Withdrawn status | Lost status | Damaged status | Not for loan | Permanent Location | Current Location | Shelving location | Date acquired | Total Checkouts | Full call number | Barcode | Date last seen | Price effective from | Koha item type | Source of classification or shelving scheme |
|---|---|---|---|---|---|---|---|---|---|---|---|---|---|---|
| Central Library (CL) | Central Library (CL) | Thesis | 07/18/2024 | 200 | CLPT-145 | 07/18/2024 | 07/18/2024 | Soft Copy | ||||||
| College of Electrical & Mechanical Engineering (CEME) | College of Electrical & Mechanical Engineering (CEME) | Reference | 11/06/2019 | 200 THE | TH-SOF-1511 | 06/28/2021 | 06/28/2021 | Computer Files |
